| 000 | 00376nam a2200157Ia 4500 | ||
|---|---|---|---|
| 008 | 230718s9999 xx 000 0 und d | ||
| 041 | _aeng | ||
| 082 |
_a006.3 _bPAR |
||
| 100 |
_aParimi S. _9111104 |
||
| 245 | _aData Mining | ||
| 260 |
_c2004 _bICFAI Books |
||
| 300 | _a191 | ||
| 365 |
_cRs. _b350.00 |
||
| 700 |
_aParimi S. _9111104 |
||
| 906 |
_d12/4/06/IPRESS/2006 _cIT |
||
| 999 |
_c313486 _d313486 |
||